| 000 | 00394nam a2200145Ia 4500 | ||
|---|---|---|---|
| 008 | 230917s9999||||xx |||||||||||||| ||und|| | ||
| 040 |
_e62283 _aMAIN |
||
| 041 | _aEnglish | ||
| 082 | _a658.4 L854M | ||
| 100 | _aLong, William A | ||
| 245 | 0 | _aManagement in Japan and India: with reference to the United States | |
| 260 |
_aNew York _bPraeger _c1977 |
||
| 300 | _axxvii, 293 p. | ||
| 942 | _cBK | ||
| 999 |
_c190545 _d190545 |
||